000 00560nam a2200145 a 4500
001 000002485
005 20200929150210.0
008 090915s1983 dr a 001 0 spa d
040 _aDO-SdBNP
_bspa
_cBNPHU
082 _axxxx
_bA786d
245 0 0 _aArtesanía dominicana :
_briqueza y diversidad.
260 _aSanto Domingo :
_bFundación Dominicana de Desarrollo,
_c1983.
300 _a161 p. : ;
_c28 cm.
500 _a(Estudio realizado en el año 1974 por la Fundación Dominicana de Desarrollo para el establecimiento de su Plan de Desarrollo Artesanal-PLANARTE)
999 _c2321
_d2321